Our life in Christ: (Record no. 7262)

MARC details
000 -LEADER
fixed length control field 00673nam a22002177a 4500
003 - CONTROL NUMBER IDENTIFIER
control field GBCCL
005 - DATE AND TIME OF LATEST TRANSACTION
control field 20241126110623.0
008 - FIXED-LENGTH DATA ELEMENTS--GENERAL INFORMATION
fixed length control field 180719b ||||| |||| 00| 0 eng d
020 ## - INTERNATIONAL STANDARD BOOK NUMBER
International Standard Book Number 0570069440
040 ## - CATALOGING SOURCE
Transcribing agency gbc
082 ## - DEWEY DECIMAL CLASSIFICATION NUMBER
Classification number 268.433
Item number BIC
100 ## - MAIN ENTRY--PERSONAL NAME
Personal name Bickel, Kurt
9 (RLIN) 6490
245 ## - TITLE STATEMENT
Title Our life in Christ:
Remainder of title High school Bible studies book 3 /
Statement of responsibility, etc. Kurt Bickel, et. al...
260 ## - PUBLICATION, DISTRIBUTION, ETC.
Place of publication, distribution, etc. St. Louis:
Name of publisher, distributor, etc. Concordia Publishing House,
Date of publication, distribution, etc. 2001
300 ## - PHYSICAL DESCRIPTION
Extent 86 p.;
Other physical details ill.,
Dimensions 28 cm.
440 ## - SERIES STATEMENT/ADDED ENTRY--TITLE
Title Youth Bible Studies
9 (RLIN) 12853
650 ## - SUBJECT ADDED ENTRY--TOPICAL TERM
Topical term or geographic name entry element Bible
General subdivision Study and teaching.
9 (RLIN) 10863
650 ## - SUBJECT ADDED ENTRY--TOPICAL TERM
Topical term or geographic name entry element Christian education
General subdivision Textbooks for teenagers.
9 (RLIN) 12854
650 ## - SUBJECT ADDED ENTRY--TOPICAL TERM
Topical term or geographic name entry element Bible
9 (RLIN) 5
942 ## - ADDED ENTRY ELEMENTS (KOHA)
Source of classification or shelving scheme Dewey Decimal Classification
Koha item type Books
Holdings
Withdrawn status Lost status Source of classification or shelving scheme Damaged status Not for loan Home library Current Library Shelving location Date acquired Total checkouts Full call number Barcode Date last seen Copy number Price effective from Koha item type
    Dewey Decimal Classification     GRACE BIBLE COLLEGE GRACE BIBLE COLLEGE Ministry & Mission 2018-07-19   268.433 BIC 006109 2025-05-01 c.1 2018-07-19 Books
© Grace Bible College Library 2025